Sports Quiz

Random Sports or Logo Quiz

Sports Logos Quiz Stats

 Plays Quiz Updated Nov 19, 2021

     
Support Sporcle.
Go Orange.
Score 0/30 Timer 06:00
65 Plays Today
League Team % Correct
NBAChicago Bulls
96.9%
MLBNew York Yankees
95.6%
NFLPittsburgh Steelers
90%
MLBBoston Red Sox
89.1%
NBAMiami Heat
88.7%
NFLDallas Cowboys
87.6%
NFLNew Orleans Saints
86.1%
NFLIndianapolis Colts
86%
MLBCleveland Guardians
85.4%
NFLBuffalo Bills
85.1%
NFLAtlanta Falcons
85%
NBAIndiana Pacers
82.9%
NBAPhoenix Suns
78.6%
NHLNew Jersey Devils
76.1%
NHLPhiladelphia Flyers
75.7%
League Team % Correct
MLBMiami Marlins
75.5%
MLBDetroit Tigers
74.3%
NBAMemphis Grizzlies
73%
NHLColorado Avalanche
70.5%
NBAPortland Trail Blazers
70.2%
NHLDetroit Red Wings
67.4%
NHLArizona Coyotes
64.1%
EPLChelsea
56.9%
EPLArsenal
56.3%
La LigaReal Madrid
52.4%
EPLAston Villa
37.7%
MLSSeattle Sounders FC
36%
MLSNew England Revolution
31.2%
CFLEdmonton Elks
17%
CFLToronto Argonauts
16.6%

From the Vault

Which Harry Potter Movie?

by kfastic

Movies 5m
Hint: It's the one with magic.
Remove Ads.
Support Sporcle.
Get the best of Sporcle when you Go Orange. This ad-free experience offers more features, more stats, and more fun while also helping to support Sporcle. Thank you for becoming a member.

Show Comments

Extras

Top Quizzes Today


Score Distribution

Your Account Isn't Verified!

In order to create a playlist on Sporcle, you need to verify the email address you used during registration. Go to your Sporcle Settings to finish the process.

Report this User

Report this user for behavior that violates our Community Guidelines.

Details: